The New Education: How to Revolutionize the University to Prepare Students for a World in Flux. (Record no. 3836)

MARC details
005 - DATE AND TIME OF LATEST TRANSACTION
control field 20250612103008.0
020 ## - INTERNATIONAL STANDARD BOOK NUMBER
International Standard Book Number 9870465079728
082 ## - DEWEY DECIMAL CLASSIFICATION NUMBER
Classification number 370.194 DAV
100 ## - MAIN ENTRY--PERSONAL NAME
Author name DAVIDSON, C. N.
245 ## - TITLE STATEMENT
Title The New Education: How to Revolutionize the University to Prepare Students for a World in Flux.
260 ## - PUBLICATION, DISTRIBUTION, ETC.
Place of publication, distribution, etc. New York,
Name of publisher, distributor, etc. Basic Books,
Date of publication, distribution, etc. 2022.
300 ## - PHYSICAL DESCRIPTION
Extent xx, 326p.:
Other physical details Index
Dimensions 22cm
942 ## - ADDED ENTRY ELEMENTS (KOHA)
Source of classification or shelving scheme Dewey Decimal Classification
Koha item type Books
Holdings
Date last seen Total checkouts Full call number Barcode Cost, replacement price Price effective from Koha item type Lost status Source of classification or shelving scheme Damaged status Not for loan Withdrawn status Home library Current library Shelving location Date acquired Cost, normal purchase price
06/12/2025   370.194 DAV 00000012667 109798.41 06/12/2025 Books   Dewey Decimal Classification       College of Business Education Main Library College of Business Education Main Library General Collection 09/17/2024 36599.47
06/12/2025   370.194 DAV 00000012668 109798.41 06/12/2025 Books   Dewey Decimal Classification       College of Business Education Main Library College of Business Education Main Library General Collection 09/17/2024 36599.47
06/12/2025   370.194 DAV 00000012669 109798.41 06/12/2025 Books   Dewey Decimal Classification       College of Business Education Main Library College of Business Education Main Library General Collection 09/17/2024 36599.47
06/12/2025   370.194 DAV 00000012670 109798.41 06/12/2025 Books   Dewey Decimal Classification       College of Business Education Main Library College of Business Education Main Library General Collection 09/17/2024 36599.47
06/12/2025   370.194 DAV 00000012671 109798.41 06/12/2025 Books   Dewey Decimal Classification       College of Business Education Main Library College of Business Education Main Library General Collection 09/17/2024 36599.47